000 00613nam a2200253 a 4500
001 nice12345678
003 IN_TiNIC
005 20260116013508.0
008 050524s1989 dela grp 000 0 eng
020 _a
_c100
082 0 0 _a291.4
_bMAN
100 _aMansshi,
245 _aManushi
_b Tenth Anniversary Issue
260 _aDelhi
_bManushi Trust
_c1989
300 _a120p
500 _aincludes index and biblioraphy
505 2 _awomen bhakta peots, nos.50-52
650 _aBhakti-Poetry
650 _aPoets-Women
700 1 _aMansshi,
902 _bSRS
942 _cBK
999 _c11208
_d11208